• 首页
  • 本馆介绍
  • 公告通知
  • 最新文献
  • 馆藏检索
  • 电子资源
  • 读者导购
  • 参考咨询
  • 我的图书馆
  • 登录
  • 详细信息显示
  • 放入我的书架
  • 预约/预借图书
  • 作者相关作品
  • 分类相关作品
  • 丛书相关作品
  • 出版社相关作品

书目信息

  • 表格格式
  • 工作单格式
  • 卡片格式
题名:
东软迷码
    
 
作者: 张其金 著
分册:  
出版信息: 北京   经济管理出版社  2005.05
页数: 20,348页
开本: 24cm
丛书名:
单 册:
中图分类: F426.67
科图分类:
主题词: 软件--电子计算机工业--工业企业管理--经验--沈阳市 , 软件 , 电子计算机工业 , 工业企业管理
电子资源:
ISBN: 7-80207-159-3
000 01177nam0 2200289 450
001 002938363
005 20070531092137.77
010    @a7-80207-159-3@dCNY48.00
100    @a20050804d2005 em y0chiy0110 ea
101 0  @achi
102    @aCN@b110000
105    @aa z 000yy
200 1  @a东软迷码@ADong Ruan Mi Ma@dThe Road of Neusoft Group@e在不平衡规律中向国际化奋进的“大象军团”@EZai Bu Ping Heng Gui Lu^ Zhong Xiang Guo Ji Hua Fen Jin De“ Da Xiang Jun Tuan”@f张其金著@FZhang Qi Jin Zhu@zeng
210    @a北京@c经济管理出版社@d2005.05
215    @a20,348页@c图,照片@d24cm
330    @a刘积仁带领东北大学软件开发中心,成为拥有总资产38亿元的东软集团。本书介绍东软集团的成长经历和成功经验。
510 1  @aThe Road of Neusoft Group@zeng
517 1  @a在不平衡规律中向国际化奋进的“大象军团”@AZai Bu Ping Heng Gui Lu^ Zhong Xiang Guo Ji Hua Fen Jin De“ Da Xiang Jun Tuan”
606 0  @a软件@x电子计算机工业@x工业企业管理@x经验@y沈阳市
606 0  @a软件
606 0  @a电子计算机工业
606 0  @a工业企业管理
690    @aF426.67@v4
701  0 @a张其金@AZhang Qi Jin@4著
801  0 @aCN@bNLC@c20070531
905    @aBZT@dF426.67@e10
906    @dCNY48.00@n0@r1
    
    东软迷码=The Road of Neusoft Group:在不平衡规律中向国际化奋进的“大象军团”/张其金著.-北京:经济管理出版社,2005.05
    20,348页:图,照片;24cm
    
    
    ISBN 7-80207-159-3:CNY48.00
    刘积仁带领东北大学软件开发中心,成为拥有总资产38亿元的东软集团。本书介绍东软集团的成长经历和成功经验。
●
相关链接 在五车中查询图书 在当当中查询图书 在豆瓣中查询图书


正题名:东软迷码     索取号:F426.67/10         预约/预借

序号 登录号 条形码 馆藏地/架位号 状态 备注
1 533394   230124251   中心书库北库/ 北库017架B面4列4层32/ [索取号:F426.67/10] 在馆    
2 533395   230124252   中心书库北库/ 北库017架B面4列4层25/ [索取号:F426.67/10] 在馆    
3 533396   230124253   中心书库北库/ 北库017架B面4列4层33/ [索取号:F426.67/10] 在馆    
4 533397   230124254   中心书库北库/ 北库017架B面4列4层35/ [索取号:F426.67/10] 在馆    
5 533398   230124255   中心书库北库/ 北库017架B面4列4层34/ [索取号:F426.67/10] 在馆    
6 533399   230124256   中心书库北库/ 北库017架B面4列4层15/ [索取号:F426.67/10] 在馆    
7 533400   230124257   中心书库北库/ 北库017架B面4列4层24/ [索取号:F426.67/10] 在馆    
8 533401   230124248   中心书库北库/ 北库017架B面4列4层22/ [索取号:F426.67/10] 在馆    
9 533402   230124249   中心书库北库/ 北库017架B面4列4层11/ [索取号:F426.67/10] 在馆    
10 533403   230124250   中心书库北库/ 北库017架B面4列4层21/ [索取号:F426.67/10] 在馆    
11 607290   2000607290   中心书库北库/ 北库017架B面4列4层31/ [索取号:F426.67/10] 在馆    
12 607291   2000607291   中心书库北库/ 北库017架B面4列4层12/ [索取号:F426.67/10] 在馆    
13 607292   2000607292   中心书库北库/ 北库017架B面4列4层19/ [索取号:F426.67/10] 在馆    
14 607293   2000607293   中心书库北库/ 北库017架B面4列4层23/ [索取号:F426.67/10] 在馆    
15 607294   2000607294   中心书库北库/ 北库017架B面4列4层13/ [索取号:F426.67/10] 在馆    
16 607295   2000607295   中心书库北库/ 北库017架B面4列4层17/ [索取号:F426.67/10] 在馆    
17 607296   2000607296   中心书库北库/ 北库017架B面4列4层16/ [索取号:F426.67/10] 在馆    
18 607297   2000607297   中心书库北库/ 北库017架B面4列4层18/ [索取号:F426.67/10] 在馆    
19 607298   2000607298   中心书库北库/ 北库017架B面4列4层14/ [索取号:F426.67/10] 在馆    
20 607299   2000607299   中心书库北库/ 北库017架B面4列4层20/ [索取号:F426.67/10] 在馆    
山东省滨州职业学院图书馆 欢迎您!
大连网信软件有限公司© 版权所有